Pamäť miesta Galéria Jána Koniarka Synagóga - Centrum súčasného umenia Trnava 1997 (4),(5)

Bibliographic Details
Other Authors: Geržová, Jana, 1951- (Author of afterword, colophon, etc., Compiler), Hermannová, Katarína, 1920- (Translator), Marenčin, Martin, 1956- (Photographer), Dóka, Róbert (Photographer), Tóth, Dezider, 1947- (Photographer), Rónai, Peter, 1953- (Photographer), Fajnor, Richard (Photographer)
Format: Book
Language:Slovak
English
PhysicalDescription:1 skladačka ([10] s.) čiernobiele a fareb. fotogr. 24 x 14 cm
Published: Trnava Galéria Jána Koniarka [1998]
ISBN:8085132192
Subjects:

MARC

LEADER 00000nam a2200000 a 4500
001 vtls001329221
003 SK-MaSNL
005 20260409140526.0
008 130606s1997 xo o g c 00000dslo
015 |a SNBE1998/03-01894 
020 |a 8085132192 
035 |a SNK000282059 
040 |a SNK  |b slo  |c SNK  |e AACR2 
041 0 |a slo  |a eng 
044 |a xo  |c SK 
080 |a 7.036:061.4(083.9)=854=20  |2 1981 
080 |a 069.6.02:73/76  |2 1981 
245 0 0 |a Pamäť miesta  |n (4),(5)  |b Galéria Jána Koniarka Synagóga - Centrum súčasného umenia Trnava 1997  |c koncepacia, text Jana Geržová ; grafická úprava Ladislav Čarný ; preklad Katarína Herrmanová ; fofo Martin Marenčin ... [et al.] 
246 1 1 |a The Memory of the Space 
260 |a Trnava  |b Galéria Jána Koniarka  |c [1998] 
300 |a 1 skladačka ([10] s.)  |b čiernobiele a fareb. fotogr.  |c 24 x 14 cm 
500 |a Cyklus výstavy. Biogr. údaje 
546 |a Súbež. názov a text angl. 
650 0 7 |a výtvarné umenie  |2 SNKPH  |9 723 
650 0 7 |a výtvarníci  |2 SNKPH  |9 118705 
651 7 |a Trnava (Slovensko : okres)  |2 SNKPH  |9 51837 
655 7 |a katalógy výstav  |2 SNKPH  |9 70445 
700 1 |a Geržová, Jana,  |d 1951-  |4 aft  |4 com  |9 103817 
700 1 |a Čarný, Ladislav,  |d 1949-  |4 bkd  |9 112714 
700 1 |a Hermannová, Katarína,  |d 1920-  |4 trl  |9 44216 
700 1 |a Marenčin, Martin,  |d 1956-  |4 pht  |9 90522 
700 1 |a Dóka, Róbert  |4 pht  |9 43421 
700 1 |a Tóth, Dezider,  |d 1947-  |4 pht  |9 119863 
700 1 |a Rónai, Peter,   |d 1953-  |4 pht  |9 1636547 
700 1 |a Fajnor, Richard  |4 pht  |9 380887 
710 2 |a Galéria Jána Koniarka (Trnava, Slovensko).  |b Synagóga - Centrum súčasného umenia  |4 orm  |9 79582 
919 |a 80-85132-19-2 
958 |a BX 
999 |c 632113  |d 634043 
952 |t P60, <03>, [BOOK], {603}  |a SNK  |b SNK  |y PREZ  |7 0  |p 17A0134024  |o snkOSC 19649/4  |i snkKSP 4731/98  |0 0  |1 0  |4 0  |d 1998-04-29  |l 0  |r 2005-01-02 00:00:00  |w 2026-02-23 
952 |t P60, <04>, [BOOK], {604}  |a SNK  |b SNK  |y VYP  |7 0  |p 17A0134023  |o snkOSC 19649/4 D1  |i snkKSP 4732/98  |0 0  |1 0  |4 0  |d 1998-04-29  |l 0  |r 2005-01-02 00:00:00  |w 2026-02-23